Lethal Company All Scrap v61 - Statistics

General Stats
  • This quiz has been taken 150 times
    99 since last reset
  • The average score is 40 of 63
Answer Stats
Hint Answer % Correct
One-Handed/Noisemaker Air Horn
94%
One-Handed/Usable/Noisemaker Clown Horn
94%
One-Handed/Weapon Stop Sign
93%
Two-Handed V-Type Engine
93%
One-Handed/Weapon Yield Sign
93%
One-Handed/Noisemaker Robot Toy
92%
One-Handed Gold Bar
86%
One-Handed/Usable Easter Egg
85%
One-Handed Egg Beater
85%
Two-Handed Large Axle
85%
Two-Handed Apparatus
83%
Two-Handed/Usable/Noisemaker Cash Register
83%
Two-Handed Painting
83%
One-Handed/Weapon Double-Barrel
82%
One-Handed Tattered Metal Sheet
81%
Two-Handed Bottles
78%
One-Handed/Usable Comedy
78%
Two-Handed Fancy Lamp
78%
One-Handed/Usable Tragedy
78%
One-Handed/Usable/Non-Scrap Key
76%
One-Handed Magic 7 Ball
74%
Two-Handed/Usable Soccer Ball
74%
One-Handed/Weapon Kitchen Knife
72%
Two-Handed Toilet Paper
69%
One-Handed Rubber Ducky
68%
One-Handed Big Bolt
67%
One-Handed Golden Cup
65%
One-Handed/Noisemaker Teeth
64%
One-Handed Toy Cube
64%
One-Handed/Weapon DIY-Flashbang
60%
One-Handed/Noisemaker Whoopie-Cushion
60%
One-Handed/Usable Laser Pointer
58%
Two-Handed Bee Hive
56%
Two-Handed Chemical Jug
56%
One-Handed/Usable/Noisemaker Hairdryer
56%
One-Handed Toy Train
56%
One-Handed Zed Dog
56%
One-Handed Hair Brush
54%
One-Handed Plastic Fish
54%
One-Handed Coffee Mug
53%
One-Handed/Noisemaker Clock
51%
Two-Handed Garbage Lid
51%
One-Handed/Noisemaker Old Phone
51%
One-Handed Perfume Bottle
51%
One-Handed Dust Pan
50%
One-Handed Ring
50%
One-Handed/Noisemaker Brass Bell
49%
One-Handed Magnifying Glass
49%
One-Handed Toothpaste
49%
One-Handed Flask
47%
One-Handed/Usable Gift Box
47%
One-Handed Cookie Mold Pan
46%
One-Handed Jar Of Pickles
46%
One-Handed Red Soda
44%
One-Handed Candy
43%
Two-Handed Control Pad
42%
Two-Handed/Non-Scrap Player Body
42%
One-Handed Tea Kettle
42%
One-Handed/Usable Remote
40%
One-Handed Steering Wheel
39%
One-Handed Plastic Cup
32%
One-Handed Pill Bottle
31%
One/Handed/Usable Shells
31%
No matching quizzes found
Score Distribution
Percent of People with Each Score
Percentile by Number Answered
Your Score History
You have not taken this quiz since the last reset